| 000 | 00800cam a2200217 a 4500 | ||
|---|---|---|---|
| 001 | 000006954 | ||
| 005 | 20200929154030.0 | ||
| 008 | 771209s1970 ck b 000 0bspa | ||
| 040 |
_aDO-SdBNP _bspa _cBNPHU |
||
| 082 |
_a923.586 _bC796B |
||
| 100 | 1 |
_aBotero Saldarriaga, Roberto, _d1870-1948. _919317 |
|
| 245 | 1 | 0 |
_aGeneral José María Córdova, 1799-1829 / _cRoberto Botero Saldarriaga. |
| 260 |
_aMedellín, Colombia : _bEditorial Bedout, _c1970. |
||
| 300 |
_a686 p. ; _c19 cm. |
||
| 490 | 1 |
_aBolsilibros Bedout _v68 |
|
| 500 | _aTítulo de la cubierta: Córdoba. | ||
| 504 | _aIncluye referencias bibliográficas. | ||
| 600 | 1 | 4 |
_aCORDOVA, JOSÉ MARÍA, _d1799-1829. _919318 |
| 651 | 4 |
_aColombia _xHistoria _yGUERRA DE INDEPENDENCIA, 1810-1822. _916211 |
|
| 830 | 0 |
_aBolsilibros Bedout ; _v68 _93750 |
|
| 999 |
_c6738 _d6738 |
||